Od warsztatu do fabryki

Titel: Od warsztatu do fabryki : wystawa przemysłowo-rolnicza w Grudziądzu w 1925 roku / Dawid Schoenwald
Verfasser:
Veröffentlicht: Grudziądz : Muzeum im. ks. dr. Władysława Łęgi w Grudziądzu, 2025
Umfang: 119 Seiten : Illustrationen ; 31 cm
Format: Buch
Sprache: Polnisch
Schlagworte:
ISBN: 9788388076664
Buchumschlag
X
alg: 54248069
001A    $03004:02-03-26 
001B    $03004:23-03-26 $t14:38:58.000 
001D    $03004:02-03-26 
001U    $0utf8 
001X    $00 
002@    $0Aau 
002C    $aunbewegtes Bild $bsti $2rdacontent 
002C    $aText $btxt $2rdacontent 
002D    $aohne Hilfsmittel zu benutzen $bn $2rdamedia 
002E    $aBand $bnc $2rdacarrier 
003@    $0542480697 
004A    $A978-83-88076-66-4 
007A    $01950184870 $aKXP 
010@    $apol 
010E    $erda 
011@    $a2025 $n2025 
013D    $RKatalog $#Exhibition catalogs $#Expositions $#Cataloghi di esposizioni $#Ausstellungskatalog $74135467-9 $8Ausstellungskatalog [Tsz] $9085499846 
021A    $aOd warsztatu do fabryki $dwystawa przemysłowo-rolnicza w Grudziądzu w 1925 roku $hDawid Schoenwald 
027A    $aWystawa przemysłowo-rolnicza w Grudziądzu w 1925 roku 
028A    $BVerfasser $4aut $71176449184 $8Schoenwald, Dawid$Z1978- [Tp3] $9441533833 
033A    $pGrudziądz $nMuzeum im. ks. dr. Władysława Łęgi w Grudziądzu 
034D    $a119 Seiten 
034I    $a31 cm 
034M    $aIllustrationen 
037A    $aQuellen- und Literaturverzeichnis Seite 119 
044K    $RGraudenz $#Graudenz $72033490-4 $8Grudziądz [Tg1] $9042856094 
044K    $RVerkaufsausstellung $#Industrieprodukt Verkaufsausstellung $74432485-6 $8Industrieausstellung [Ts1] $9088726487 
044K    $RAusstellung $#Agricultural exhibitions $#Expositions agricoles $#Fiere agricole $#Ferias agrícolas $#exhibitions $#Landwirtschaftliche Ausstellung $74467794-7 $8Landwirtschaftsausstellung [Ts1] $9088957268 
045F    $a330.0943809042 $eDDC23BSB 
045F/01 $a330.09 
045F/03 $f09042 
045F/03 $g438 
045G    $a900.943809042 $eDDC23BSB 
045G/01 $a900 
045G/03 $f09042 
045G/03 $g438 
045R    $aGeschichte 1925 

lok: 54248069 24

exp: 54248069 24 1 #EPN
201B/01 $023-03-26 $t14:38:58.000 
201C/01 $002-03-26 
201U/01 $0utf8 
203@/01 $01335760415 
208@/01 $a23-03-26 $bz 
209A/01 $a26.01055 $du $f050 $h26 01055 $x00 
209C/01 $a26.01055 K $h26 01055 K 
209G/01 $a75177356 $x00 
220C/01 $ahae 
247C/01 $8358050-7 Marburg, Bibliothek des Herder-Instituts Marburg $9102600961
LEADER 00000cam a2200000 c 4500
001 542480697
003 DE-603
005 20260323143858.0
007 tu
008 260302s2025 xx |||| | u00||u|pol c
020 |a 9788388076664 
035 |a (DE-599)KXP1950184870 
040 |a DE-603  |b ger  |c DE-603  |d DE-603  |e rda 
041 |a pol 
082 0 4 |8 1\u  |a 330.0943809042  |q DE-101  |2 23/BSB 
083 0 |8 2\u  |a 900.943809042  |q DE-101  |2 23/BSB 
085 |8 1\u  |b 330.09 
085 |8 1\u  |z 1  |s 09042 
085 |8 1\u  |z 2  |s 438 
085 |8 2\u  |b 900 
085 |8 2\u  |z 1  |s 09042 
085 |8 2\u  |z 2  |s 438 
100 1 |a Schoenwald, Dawid  |d 1978-  |e Verfasser  |4 aut  |0 (DE-603)441533833  |0 (DE-588)1176449184  |2 gnd 
245 0 0 |a Od warsztatu do fabryki  |b wystawa przemysłowo-rolnicza w Grudziądzu w 1925 roku  |c Dawid Schoenwald 
246 1 3 |a Wystawa przemysłowo-rolnicza w Grudziądzu w 1925 roku 
264 1 |a Grudziądz  |b Muzeum im. ks. dr. Władysława Łęgi w Grudziądzu  |c 2025 
300 |a 119 Seiten  |b Illustrationen  |c 31 cm 
336 |a unbewegtes Bild  |b sti  |2 rdacontent 
336 |a Text  |b txt  |2 rdacontent 
337 |a ohne Hilfsmittel zu benutzen  |b n  |2 rdamedia 
338 |a Band  |b nc  |2 rdacarrier 
500 |a Quellen- und Literaturverzeichnis Seite 119 
648 7 |a Geschichte 1925  |2 gnd 
650 7 |a Industrieausstellung  |0 (DE-588)4432485-6  |0 (DE-603)088726487  |2 gnd 
650 7 |a Landwirtschaftsausstellung  |0 (DE-588)4467794-7  |0 (DE-603)088957268  |2 gnd 
651 7 |a Grudziądz  |0 (DE-588)2033490-4  |0 (DE-603)042856094  |2 gnd 
655 7 |a Ausstellungskatalog  |2 gnd-content  |0 (DE-588)4135467-9  |0 (DE-603)085499846 
924 0 |9 Mb 50  |a (DE-603)1335760415  |b DE-Mb50  |c HES  |d c  |g 26.01055